Подробности
| 000 -МАРКЕР |
| контрольное поле |
01621nam0a2200313 4500 |
| 001 - ИДЕНТИФИКАТОР ЗАПИСИ |
| контрольное поле |
RU\NLR\bibl\423578 |
| 005 - ИДЕНТИФИКАТОР ВЕРСИИ |
| контрольное поле |
20260406103133.0 |
| 010 ## - МЕЖДУНАРОДНЫЙ СТАНДАРТНЫЙ НОМЕР КНИГИ (ISBN) |
| Номер (ISBN) |
5-88924-058-7 |
| Тираж |
5000 |
| 021 ## - НОМЕР ГОСУДАРСТВЕННОЙ РЕГИСТРАЦИИ |
| Код страны |
Российская Федерация |
| Номер |
2003-37728 |
| Номер Листа государственной регистраци |
1788 |
| 035 ## - ДРУГИЕ СИСТЕМНЫЕ НОМЕРА |
| Идентификатор записи |
(NLR Aleph) 000417483 |
| 100 ## - ДАННЫЕ ОБЩЕЙ ОБРАБОТКИ |
| Данные общей обработки |
20030728d2003 |||y0rusy50 ca |
| 101 0# - ЯЗЫК РЕСУРСА |
| Язык текста, звукозаписи и т.д. |
русский |
| 102 ## - СТРАНА ПУБЛИКАЦИИ ИЛИ ПРОИЗВОДСТВА |
| Страна публикации |
Российская Федерация |
| 105 ## - ПОЛЕ КОДИРОВАННЫХ ДАННЫХ: ТЕКСТОВЫЕ МАТЕРИАЛЫ, МОНОГРАФИЧЕСКИЕ |
| Кодированные данные о монографическом текстовом документе |
a ||||||||| |
| 200 1# - ЗАГЛАВИЕ И СВЕДЕНИЯ ОБ ОТВЕТСТВЕННОСТИ |
| Основное заглавие |
"Москвич" 2141-01, 21412-01, 214122 (1,7), 214123 (1,8), 2335, 23352, 233522 (1,7), 233523 (1,8) |
| Сведения, относящиеся к заглавию |
Руководство по эксплуатации, техн. обслуж. и ремонту |
| Первые сведения об ответственности |
Коллектив авт. з-да "АЗЛК" |
| Последующие сведения об ответственности |
[Науч. ред. С. Н. Погребной] |
| 210 ## - ПУБЛИКАЦИЯ, РАСПРОСТРАНЕНИЕ И ДР. |
| Место издания, распространения и т.д. |
М. |
| Имя издателя, распространителя и т. д. |
Третий Рим |
| Дата издания, распространения и т.д. |
2003 |
| 215 ## - ФИЗИЧЕСКАЯ ХАРАКТЕРИСТИКА |
| Специфическое обозначение материала и объем |
160, [10] с. |
| Другие сведения о физической характеристике |
ил., цв. ил. |
| Размеры |
28 |
| 300 ## - ОБЩИЕ ПРИМЕЧАНИЯ |
| Текст примечания |
На обл. подзаг.: Руководство по ремонту. Эксплуатация и техническое обслуживание |
| 606 1# - НАИМЕНОВАНИЕ ТЕМЫ КАК ПРЕДМЕТ |
| Наименование темы |
"Москвич" 2141, легковые автомобили |
| Формальный подзаголовок |
Руководства, пособия и т.п. |
| Тематический подзаголовок |
Эксплуатация |
| Системный номер авторитетной/нормативной записи |
2097551 |
| Идентификатор авторитетной/нормативной записи |
RU\NLR\AUTH\661268972 |
| 606 1# - НАИМЕНОВАНИЕ ТЕМЫ КАК ПРЕДМЕТ |
| Наименование темы |
"Москвич" 2335, легковые автомобили |
| Формальный подзаголовок |
Руководства, пособия и т.п. |
| Тематический подзаголовок |
Эксплуатация |
| Системный номер авторитетной/нормативной записи |
2097553 |
| Идентификатор авторитетной/нормативной записи |
RU\NLR\AUTH\661268973 |
| 686 1# - ИНДЕКСЫ ДРУГИХ КЛАССИФИКАЦИЙ |
| Индекс |
О335.52-08я7"Москвич" |
| 702 #1 - ИМЯ ЛИЦА - ВТОРИЧНАЯ ОТВЕТСТВЕННОСТЬ |
| Код отношения |
Редактор |
| Материалы, к которым относится поле |
rus |
| Графика поля |
Кириллица |
| Начальный элемент ввода |
Погребной |
| Часть имени, кроме начального элемента ввода |
С. Н. |
| Расширение инициалов личного имени |
Сергей Н. |
| Идентификатор авторитетной/нормативной записи |
RU\NLR\auth\7787637 |
| Системный номер авторитетной/нормативной записи |
70565 |
| 801 #0 - ИСТОЧНИК ЗАПИСИ |
| Страна |
Российская Федерация |
| Организация |
NLR |
| Дата составления |
20030728 |
| Правила каталогизации |
PSBO |
| 801 #1 - ИСТОЧНИК ЗАПИСИ |
| Страна |
Российская Федерация |
| Организация |
NLR |
| Дата составления |
20030728 |
| 942 ## - ДОПОЛНИТЕЛЬНЫЕ ЭЛЕМЕНТЫ ЗАПИСИ (АБИС) |
| Тип экземпляра АБИС |
Книга |
| 980 ## - КОЛЛЕКЦИЯ |
| Название коллекции |
Национальная библиография |